000 01237cam a2200349 i 4500
999 _c58186
_d58186
001 20705252
005 20210812170459.0
008 181015s2019 nyua f 001 0 eng
010 _a 2018049403
020 _a9789339212094
_q
040 _aDLC
_beng
_cDLC
_erda
_dDLC
042 _apcc
050 0 0 _aQA76.73.J38
_bS334 2019
080 _a004.43 Sch-31
082 0 0 _a005.13/3
_223
100 1 _aSchildt, Herbert,
_eauthor.
_912391
245 1 0 _aJava :
_bthe complete reference /
_cHerbert Schildt.
246 3 _aJava the complete reference
250 _aEleventh edition.
264 1 _aNew York :
_bMcGraw-Hill Education,
_c[2017]
300 _axxxiv, 1208 pages :
_billustrations ;
_c24 cm
336 _atext
_btxt
_2rdacontent
337 _aunmediated
_bn
_2rdamedia
338 _avolume
_bnc
_2rdacarrier
500 _aIncludes index.
650 0 _aJava (Computer program language)
_912392
650 0 _aInternet programming.
_912393
653 _aJava The Complete Reference
906 _a7
_bcbc
_corignew
_d1
_eecip
_f20
_gy-gencatlg
942 _2udc
_cBK
955 _brk14 2018-10-15
_irk14 2018-10-15 telework to Dewey
_axn11 2019-07-15 1 copy rec'd., to CIP ver.
_arl00 2019-07-18 to SMA
_arl06 2019-07-19 to ARTS (QA76.73)